000
00276nam a2200121Ia 4500
005
20251222140031.0
008
251222s1900||||xx |||||||||||||| ||spa||
082
_a
184/P66I
100
_a
Platón
245
0
_a
Diálogos Apócrifos y Dudosos:
264
_b
EUDEBA
942
_c
LIB
999
_c
2973
_d
2973